Mạch điện thực dụng
Gardado en:
| Autor Principal: | |
|---|---|
| Formato: | Libro |
| Idioma: | Undetermined |
| Publicado: |
Tp. HCM
Nxb. Tp. HCM
1997
|
| Những chủ đề: | |
| Các nhãn: |
Engadir etiqueta
Sen Etiquetas, Sexa o primeiro en etiquetar este rexistro!
|
| Thư viện lưu trữ: | Trung tâm Học liệu Trường Đại học Cần Thơ |
|---|
| LEADER | 00530nam a2200169Ia 4500 | ||
|---|---|---|---|
| 001 | CTU_37415 | ||
| 008 | 210402s9999 xx 000 0 und d | ||
| 082 | |a 621.38132 | ||
| 082 | |b A107/1997 | ||
| 100 | |a Nguyễn Đức ánh | ||
| 245 | 0 | |a Mạch điện thực dụng | |
| 245 | 0 | |c Nguyễn Đức ánh | |
| 260 | |a Tp. HCM | ||
| 260 | |b Nxb. Tp. HCM | ||
| 260 | |c 1997 | ||
| 650 | |a electric apparatus and appliances,electronic apparatus and appliances | ||
| 980 | |a Trung tâm Học liệu Trường Đại học Cần Thơ | ||